000 00803nam a2200253 i 4500
003 DO-SdBNP
005 20250203094116.0
007 ta
008 240319b2011 dr |a||| |||| 00| 0 spa d
020 _a9789945454345
040 _aDO-SdBNP
_bspa
_cBNPHU
_erda
082 4 _222
_axxx
_bE74p
100 _aEscoto Abreu, Alicia,
_97239
_eautor
_4aut.
245 1 3 _aLa plantación Escoto /
_cAlicia Escoto Abreu ; prólogo, Eric I. Castro Polanco
264 1 _aSanto Domingo :
_bEditora Manatí,
_c2011.
300 _a119 páginas ;
_c22 cm.
336 _atexto
_btxt
_2rdacontent
337 _asin mediación
_bn
_2rdamedia
338 _avolumen
_bnc
_2rdacarrier
590 _aInventariado, 2024/BT
700 1 _aCastro Polanco, Eric I.,
_eprologuista
_985072
_4pr.
910 _aBtavárez
942 _2ddc
_cLBS1
999 _c56148
_d56148